| 000 | 01312cam a2200313 a 4500 | ||
|---|---|---|---|
| 001 | 2015741 | ||
| 003 | ARRUPE | ||
| 005 | 20131001142049.0 | ||
| 008 | 910904r19921990nyuabf b 001 0 eng | ||
| 010 | _a 91034069 | ||
| 020 |
_a0688112048 (acidfree paper) : _c$15.00 FPT |
||
| 040 |
_aDLC _cDLC _dDLC |
||
| 043 |
_an-mx--- _anc----- |
||
| 050 | 0 | 0 |
_aF1435.3.K55 _bS34 1992 |
| 082 | 0 | 0 |
_a972.81/016 _220 |
| 100 | 1 |
_aSchele, Linda. _91873 |
|
| 245 | 1 | 2 |
_aA forest of kings : _bthe untold story of the ancient Maya / _cLinda Schele and David Freidel ; color photographs by Justin Kerr. |
| 260 |
_aNew York : _bQuill/W. Morrow, _c[1992]. |
||
| 300 |
_a542 p., [16] p. of plates : _bill. (some col.), maps ; _c26 cm. |
||
| 500 | _aOriginally published: 1st ed. New York : Morrow, c1990. | ||
| 504 | _aIncludes bibliographical references (p. [509]-532) and index. | ||
| 650 | 0 |
_aMayas _xKings and rulers. _91874 |
|
| 650 | 0 |
_aMayas _xHistory. _91875 |
|
| 700 | 1 |
_aFreidel, David A. _91876 |
|
| 856 | 4 | 2 |
_3Publisher description _uhttp://www.loc.gov/catdir/description/hc043/91034069.html |
| 906 |
_a7 _bcbc _corignew _d1 _eocip _f19 _gy-gencatlg |
||
| 942 |
_2lcc _cMONOGRAPH |
||
| 999 |
_c118191 _d118191 |
||